|
|
|
|
| LEADER |
00000nam0a2200000 4500 |
| 001 |
123132 |
| 005 |
20231101215805.0 |
| 035 |
|
|
|a (RuTPU)RU\TPU\book\133302
|
| 090 |
|
|
|a 123132
|
| 100 |
|
|
|a 20071012d1977 m y0rusy50 ca
|
| 101 |
0 |
|
|a rus
|
| 102 |
|
|
|a RU
|
| 105 |
|
|
|a a z 000gy
|
| 200 |
1 |
|
|a Стихотворения
|e (1953-1971)
|f Н. М. Рубцов
|g авт. предисл. В. Кожинов
|
| 210 |
|
|
|a Москва
|c Советская Россия
|d 1977
|
| 215 |
|
|
|a 240 с.
|c ил.
|
| 225 |
1 |
|
|a Поэтическая Россия
|
| 610 |
1 |
|
|a русская литература
|
| 610 |
1 |
|
|a поэзия
|
| 675 |
|
|
|a Р2
|v 3
|
| 700 |
|
1 |
|a Рубцов
|b Н. М.
|c русский поэт
|f 1936-1971
|g Николай Михайлович
|2 stltpush
|3 (RuTPU)RU\TPU\pers\14929
|9 5070
|
| 702 |
|
1 |
|a Кожинов
|b В.
|g Вадим
|4 080
|
| 801 |
|
1 |
|a RU
|b 63413507
|c 20071012
|g PSBO
|
| 942 |
|
|
|c BK
|